Guess that Mean Girls Musical Lyric - Statistics

General Stats
  • This quiz has been taken 321 times
  • The average score is 10 of 15
Answer Stats
Hint Answer % Correct
"Regina is a fugly cow" World Burn
93%
"And it's kind of fun when she bares her claws" Apex Predator
87%
"As I am seated at her right hand like a jewish Princess Jesus" Meet The Plastics
86%
"I need to lose 3 pounds. Bring me a whole box." Revenge Party
84%
"Ice Queen, that's what you see" Someone Gets Hurt
79%
"Where people died." "No one died" A Cautionary Tale
76%
"The world doesn't end, it just feels like it does" I'd Rather Be Me
72%
"Cheap. Fake. Easy to break. That's how I used to be" I See Stars
72%
"You'll be judged on sight and made to fit" Where Do You Belong?
70%
"With the lions and birds and stuff" It Roars
63%
"Got no time for her drama, she'll go cry to Mama!" Fearless
60%
"Now I'm listening to you, what do I do that for?" What's Wrong With Me?
59%
"Like hyenas and migrations, but who cares?" More Is Better
42%
"Senior jocks and band freaks throwin' all your antiques!" Whose House Is This?
41%
"What? Umm... This problem." Stupid With Love (Reprise)
30%
No matching quizzes found
Score Distribution
Percent of People with Each Score
Percentile by Number Answered
Your Score History
You have not taken this quiz